|
|
|
|
| LEADER |
00000cam a2200000 i 4500 |
| 001 |
JSTOR_on1264458170 |
| 003 |
OCoLC |
| 005 |
20231005004200.0 |
| 006 |
m d |
| 007 |
cr ||||||||||| |
| 008 |
210821s2021 ck ob 000 0 spa d |
| 040 |
|
|
|a YDX
|b eng
|e rda
|c YDX
|d JSTOR
|d OCLCO
|d OCLCF
|d DGITA
|d N$T
|d OCLCQ
|d OCLCO
|
| 019 |
|
|
|a 1343907707
|
| 020 |
|
|
|a 9587847199
|q (electronic bk.)
|
| 020 |
|
|
|a 9789587847192
|q (electronic bk.)
|
| 020 |
|
|
|a 9587847202
|q (electronic bk.)
|
| 020 |
|
|
|a 9789587847208
|q (electronic bk.)
|
| 020 |
|
|
|z 9789587847185
|
| 035 |
|
|
|a (OCoLC)1264458170
|z (OCoLC)1343907707
|
| 037 |
|
|
|a 22573/ctv1wwgg49
|b JSTOR
|
| 041 |
0 |
|
|a spa
|b spa
|b eng
|
| 043 |
|
|
|a s-ck---
|
| 050 |
|
4 |
|a HQ799.C72
|
| 082 |
0 |
4 |
|a 305.23509861
|2 23
|
| 049 |
|
|
|a UAMI
|
| 100 |
1 |
|
|a Quiroga Rendón, Emmanuel,
|e author
|
| 245 |
1 |
0 |
|a Juventudes rurales :
|b representaciones institucionales y autorrepresentaciones de jóvenes del municipio de Susa (Cundinamarca) /
|c Emmanuel Quiroga Rendón
|
| 246 |
1 |
|
|i Title from English abstract::
|a Rural youth :
|b institutional representations and self-representations of young people from the municipality of Susa (Cundinamarca)
|
| 250 |
|
|
|a Primera edición
|
| 264 |
|
1 |
|a Bogotá, D.C :
|b Editorial Universidad del Rosario,
|c 2021.
|
| 300 |
|
|
|a 1 online resource (xxii, 209 pages)
|
| 336 |
|
|
|a text
|b txt
|2 rdacontent
|
| 337 |
|
|
|a computer
|b c
|2 rdamedia
|
| 338 |
|
|
|a online resource
|b cr
|2 rdacarrier
|
| 546 |
|
|
|a Includes abstracts in Spanish and English.
|
| 588 |
|
|
|a Description based on print version record.
|
| 504 |
|
|
|a Includes bibliographical references (pages 195-209).
|
| 590 |
|
|
|a JSTOR
|b Books at JSTOR All Purchased
|
| 590 |
|
|
|a JSTOR
|b Books at JSTOR Demand Driven Acquisitions (DDA)
|
| 650 |
|
0 |
|a Rural youth
|z Colombia
|z Cundinamarca (Department)
|
| 651 |
|
0 |
|a Cundinamarca (Colombia : Department)
|x Social conditions.
|
| 650 |
|
7 |
|a Rural youth
|2 fast
|
| 650 |
|
7 |
|a Social conditions
|2 fast
|
| 651 |
|
7 |
|a Colombia
|z Cundinamarca (Department)
|2 fast
|
| 776 |
0 |
8 |
|i Print version:
|a Quiroga Rendón, Emmanuel.
|t Juventudes rurales.
|b Primera edición.
|d Bogotá, D.C : Editorial Universidad del Rosario, 2021
|z 9789587847185
|w (OCoLC)1311086420
|
| 856 |
4 |
0 |
|u https://jstor.uam.elogim.com/stable/10.2307/j.ctv1x0kchh
|z Texto completo
|
| 938 |
|
|
|a Digitalia Publishing
|b DGIT
|n DIGUDROS0596
|
| 938 |
|
|
|a YBP Library Services
|b YANK
|n 302409415
|
| 938 |
|
|
|a EBSCOhost
|b EBSC
|n 3004322
|
| 994 |
|
|
|a 92
|b IZTAP
|